| 000 | 00773nam a22002177a 4500 | ||
|---|---|---|---|
| 999 |
_c2666 _d2666 |
||
| 003 | AR-CdUCM | ||
| 008 | 190305b ||||| |||| 00| 0 spa d | ||
| 040 |
_aMUNICIPALIDAD PROVINCIAL DEL CUSCO _cBIBLIOTECA MUNICIPAL DEL CUSCO |
||
| 082 |
_a868.323 / _bC48 |
||
| 100 |
_aCervantes Saavedra, Miguel de _93055 |
||
| 245 | _aNovelas ejemplares / | ||
| 260 |
_aLima : _bBiblioteca Vision Peruana, _c1988. |
||
| 300 |
_a153 páginas ; _c20 cm. |
||
| 440 |
_aClásicos Universales _n1 _99371 |
||
| 505 | _aContenido: El licenciado vidriera -- El casamiento engañoso -- El coloquio de los perros -- La Ilustre fregona. | ||
| 650 |
_aNovelas Españolas _99372 |
||
| 650 |
_aLiteratura Española _9612 |
||
| 650 |
_aSiglos XV-XVII _99373 |
||
| 942 |
_2ddc _cLIBROS |
||
| 945 | _araen | ||